000 00800nam a22002417a 4500
999 _c10630
_d10630
003 AR-CdUCM
008 190401b ||||| |||| 00| 0 spa d
040 _aMUNICIPALIDAD PROVINCIAL DEL CUSCO
_cBIBLIOTECA MUNICIPAL DEL CUSCO
041 _heng
082 _24ed.
_a973.07 /
_bL96 / 1958
100 _aLudwig , Emil
_911764
245 _aLincoln /
260 _aBarcelona :
_bJuventud,
_c1958.
300 _a412 páginas ;
_bmapa, láminas,
_c22 cm.
440 _aColecciones Grandes Biografías.
_927597
505 _aContenido: El jornalero -- El ciudadano -- El libertador -- El padre.
650 _aBiografías históricas
_96252
650 _aEstados Unidos
_91805
650 _aHistoria
_9136
710 _aEditorial Juventud (traducción)
_927598
942 _2ddc
_cLIBROS
945 _aachl